000 00915cab a2200241 4500
001 X93373
008 090401t1998 xxu||||| |||| 00| 0 eng d
035 _a(Sirsi) u87946
041 _aeng
245 _aBarrett v Morgan
260 _c1998
350 _a0
490 _aNew Property Cases
_v[1998] NPC 110 (5/7/98)
520 _a"Barrett v Morgan" CA 30 June 1998. Where a landlord agrees with a head tenant to serve a notice to quit under the Agricultural Holdings Act on condition that the head tenant will not serve a counter-notice, the landlord is fixed with the subtenant. (Taken from the journal headnote. Not to be photocopied.)
650 _aAGRICULTURAL HOLDINGS ACT
650 _aBARRETT V MORGAN
650 _aCOUNTER NOTICE
650 _aNOTICE TO QUIT
650 _aSUBTENANCY
690 _aLANDLORD AND TENANT-CASE LAW-AGRICULTURAL TENANCIES
942 _n0
948 _c11/08/1998
999 _c55505
_d55505